Subnautica Soundtrack - Statistics

General Stats
  • This quiz has been taken 9 times
  • The average score is 19 of 52
Answer Stats
Played When Title % Correct
End credits or when the Cyclops is destroyed Abandon Ship
100%
When the player is in the Lava Castle, Alien Thermal Plant, Blood Kelp Zone or Jellyshroom Cave. Lava Castle
71%
Crash Zone, Blood Kelp Zone, Jellyshroom Cave Crash Site
57%
Fire in the Cyclops Leviathan
57%
When the player enters the Lost River, Grand Reef, Deep Grand Reef, & Bulb Zone biomes Lost River
57%
Inactive Lava Zone, Crater Edge Ahead Slow
43%
Entering the Quarantine Enforcement Platform, Sea Treader's Path, Dunes or Sparse Reef biome Alien Expanse
43%
Gravity Lift in the Quarantine Enforcement Platform Alien Passageways
43%
Underwater Islands Alterra Science
43%
Kelp Forest Amid the Kelp
43%
Alien Caches Ancient Aliens
43%
When in the Seamoth or Prawn Suit and near the Floating Island Arc Lights
43%
Blood Kelp Zone, Grand Reef, Deep Grand Reef Blood Crawlers
43%
Jellyshroom Cave Crush Depth
43%
When the player is in the Aurora Dark Matter Reactor
43%
Mountains, Inactive Lava Zone, Lost River, Blood Kelp Zone Fear the Reapers
43%
When the player enters the Disease Research Facility Infected
43%
Safe Shallows Into the Unknown
43%
When the player is in a Mushroom Forest biome Mushroom Forest
43%
When the Cyclops is under attack by Leviathan class predators Red Alert
43%
Main Menu, Loading Screen Salutations
43%
When the player is in the Grassy Plateaus Shadow of the Reefback
43%
When the Sunbeam countdown starts, Safe Shallows Sunbeam
43%
Kelp Forest Sun & Moon
43%
Floating Island and Safe Shallows Tropical Eden
43%
Primary Containment Facility What are You
43%
Control Room in the Quarantine Enforcement Platform Alien Spaces
29%
Aurora Prawn Bay Blueprint
29%
Bone Fields Bone Fields
29%
Lava Lakes, Inactive Lava Zone, Blood Kelp Zone, and the Aurora Bring a Medpack
29%
Kelp Forest, Grassy Plateaus Buoyancy
29%
Safe Shallows Caves Caverns
29%
Safe Shallows Coral Reef
29%
When the player repairs the Drive Core, the Sea Emperor Leviathan dies, and the player cures themself Cycle of Life
29%
Tree Cove Ghost Tree
29%
When the player is in a Seabase and the Grassy Plateaus Habitat
29%
Kelp Forest In Bloom
29%
In Bulb Zone, Grassy Plateaus, Sea Treader's Path, Sparse Reef and Underwater Islands. Islands Beneath the Sea
29%
Launch of the Neptune Escape Rocket Lift Off
29%
Grassy Plateaus Maneuvers
29%
When the player is in an Observatory Observatory Zen
29%
Alien Caches and Grassy Plateaus Original Inhabitants
29%
Bulb Zone Precipice
29%
Intro cutscene; When a fire is on board the Cyclops Seamoth
29%
When the player is in the Safe Shallows Shallows
29%
Upon arrival at the Underwater Islands and in the Underwater Islands Caves Unknown Flora
29%
Safe Shallows, Upon arrival on the Mountain Island, and within the Mountains Caves Violet Beau
29%
Floating Island, Underwater Islands, Underwater Islands Caves A Tendancy to Float
14%
Safe Shallows Finding Life
14%
Grassy Plateaus First Immersion
14%
Safe Shallows God Rays
14%
When the player is in the Kelp Forests Safe in Kelp Forest
14%
No matching quizzes found
Score Distribution
Percent of People with Each Score
Percentile by Number Answered
Your Score History
You have not taken this quiz